|
|
|
|
| LEADER |
00000nam a2200000 a 4500 |
| 001 |
vtls010967256 |
| 003 |
SK-MaSNL |
| 005 |
20260301092304.0 |
| 008 |
240314s2015 xo a c n 000 0 hun |
| 015 |
|
|
|a SNBA2015/10
|
| 020 |
|
|
|a 9788080981693
|q (brož.)
|
| 035 |
|
|
|a 722FFEF1-0A51-4C62-BBE9-C7366CC937CB
|
| 035 |
|
|
|a urn:nbn:sk:snk-aml7df
|
| 035 |
|
|
|a urn:nbn:sk:snk-am008tp5
|
| 040 |
|
|
|a SNK
|b slo
|c SNK
|e AACR2
|
| 041 |
0 |
|
|a hun
|
| 044 |
|
|
|a xo
|c SK
|
| 072 |
|
7 |
|a 82
|x Literatúra. Literárny život
|2 konspekt
|
| 072 |
|
7 |
|a 37.016
|x Učebné osnovy. Vyučovacie predmety. Učebnice
|2 konspekt
|
| 080 |
|
|
|a 37.016:82
|2 2001
|
| 080 |
|
|
|a 821.511.141
|2 2001
|
| 080 |
|
|
|a 821(100)
|2 2001
|
| 080 |
|
|
|a (075.2)
|2 2001
|
| 100 |
1 |
|
|a Borbála, Ádám
|4 aut
|9 422907
|
| 245 |
1 |
0 |
|a Irodalom a magyar tanítási nyelvű alapiskola 7. osztálya számára
|c [szerző: Ádám Borbála ; illusztrálta: Balázsi Géza]
|
| 246 |
1 |
1 |
|a Literatúra pre 7. ročník základnej školy s vyučovacím jazykom maďarským
|
| 250 |
|
|
|a 3. kiad.
|
| 260 |
|
|
|a Pozsony
|b Terra
|c 2015
|
| 300 |
|
|
|a 184 s.
|b fareb. ilustr., noty, tab.
|c 25 cm
|
| 504 |
|
|
|a Bibliogr.: s. 184 ; pozn.
|
| 546 |
|
|
|a Tir. aj slov.
|
| 650 |
0 |
7 |
|a literárna výchova
|2 SNKPH
|9 1653
|
| 650 |
0 |
7 |
|a maďarská literatúra
|2 SNKPH
|9 1193
|
| 650 |
0 |
7 |
|a svetová literatúra
|2 SNKPH
|9 1433
|
| 650 |
0 |
7 |
|a Literary education
|2 SNKPHeng
|9 274096
|
| 650 |
0 |
7 |
|a Hungarian literature
|2 SNKPHeng
|9 266362
|
| 650 |
0 |
7 |
|a World literature
|2 SNKPHeng
|9 265627
|
| 655 |
|
7 |
|a učebnice základných škôl
|2 SNKPH
|9 70187
|
| 655 |
|
7 |
|a Textbooks (elementary)
|2 SNKPHeng
|9 276977
|
| 700 |
1 |
|
|a Balázsi, Géza
|4 ill
|9 302181
|
| 752 |
|
|
|a Slovensko
|d Bratislava
|
| 919 |
|
|
|a 978-80-8098-169-3
|
| 958 |
|
|
|a HU
|
| 958 |
|
|
|a NB
|
| 999 |
|
|
|c 673545
|d 675475
|
| 952 |
|
|
|a SNK
|b SNK
|y PREZ
|7 0
|p 17A1079943
|o snkSC 166644
|i snk2015/29087
|8 0
|0 0
|1 0
|4 0
|d 2015-10-19
|f 1
|l 0
|r 2026-02-23 19:33:47
|w 2026-02-23
|
| 952 |
|
|
|a SNK
|b SNK
|y VYP
|7 0
|p 17A1079944
|o snkSC 166644 D1
|i snk2015/29088
|8 0
|0 0
|1 0
|4 0
|d 2015-10-19
|l 0
|r 2026-02-23 19:33:47
|w 2026-02-23
|